Statistics for Oscars - Best Film 2000 - 2022

Click here to take the quiz!

General Stats

  • This quiz has been taken 148 times
  • The average score is 14 of 23

Answer Stats

HintDirectorAnswer% Correct
2020Bong Joon-hoParasite
92%
2004Peter JacksonThe Lord of the Rings: The Return of the King
83%
2018Guillermo del ToroThe Shape of Water
76%
2013Ben AffleckArgo
72%
2005Clint EastwoodMillion Dollar Baby
71%
2010Kathryn BigelowThe Hurt Locker
67%
2008Ethan Coen, Joel CoenNo Country for Old Men
66%
2007Martin ScorseseThe Departed
66%
2017Barry JenkinsMoonlight
65%
2021Chloé ZhaoNomadland
64%
2015Alejandro González IñárrituBirdman
63%
2001Ridley ScottGladiator
63%
2000Sam MendesAmerican Beauty
61%
2014Steve McQueen12 Years a Slave
59%
2011Tom HooperThe King's Speech
55%
2009Danny BoyleSlumdog Millionaire
54%
2012Michel HazanaviciusThe Artist
54%
2022Sian HederCODA
53%
2019Peter FarrellyGreen Book
51%
2016Tom McCarthySpotlight
49%
2006Paul HaggisCrash
46%
2002Ron HowardA Beautiful Mind
43%
2003Rob MarshallChicago
39%

Score Distribution

Percentile by Number Answered

Percent of People with Each Score

Your Score History

You have not taken this quiz